| 000 | 01411nam a2200241Ia 4500 | ||
|---|---|---|---|
| 008 | 130821s2010 xxua gr eng | ||
| 020 | _a9780521516792 | ||
| 020 | _a9780521736350 | ||
| 040 |
_aCo-BoUCM _bspa |
||
| 041 | 0 | 0 | _aeng |
| 100 | 1 |
_aFalleti, Tulia G. _9167747 |
|
| 245 | 1 | 0 |
_aDecentralization and subnational politics in Latin America _cTulia G. Falleti |
| 260 |
_aNueva York (Estados Unidos) _bCambridge University Press _c2010 |
||
| 300 |
_axxv, 285 páginas _bilustraciones |
||
| 504 | _aIncluye referencias bibliográficas e índice. | ||
| 505 |
_tDecentralization and the revival of subnational politics -- _tA Sequential theory of decentralization and the intergovernmental balance of power -- _tArgentina : the national dominance path to decentralization -- _tColombia : the subnational dominance path to decentralization in a unitary country -- _tBrazil : the subnational dominance path to decentralization in a federal country -- _tMexico : the subnational response path to decentralization -- _tConclusion : decentralization, temporal analysis, and territorial politics. |
||
| 650 | 0 | 4 |
_aCiencia política _9340 |
| 650 | 0 | 4 |
_aDescentralización administrativa _zAmérica Latina _9156 |
| 650 | 0 | 4 |
_aGobierno local _zAmérica Latina _916479 |
| 651 | 4 |
_aAmérica Latina _xPolítica y gobierno _936050 |
|
| 942 |
_cLIBRO _a6 _e1 _mF195d _2DEWEY _h320.8098 |
||
| 999 |
_c70711 _d70711 |
||